| 000 | 02182aam a2200421 i 4500 | ||
|---|---|---|---|
| 001 | 768714001 | ||
| 003 | CO-MdFUSB | ||
| 005 | 20250819154925.0 | ||
| 007 | cr aa aaaaa | ||
| 008 | 190405t2018 sp ||| s|||| 00| 0 spa d | ||
| 020 |
_a978-84-16845-83-5 _qelectrónico |
||
| 040 |
_aCO-MdFUSB _bspa _cCO-MdFUSB _dCO-MdFUSBC _erda |
||
| 041 | _aspa | ||
| 082 |
_223 _a253 |
||
| 100 |
_aBaena, José María, _eautor |
||
| 245 | 1 | 0 |
_aPastores del siglo XXI : _bun modelo pastoral para la iglesia actual _c/ José María Baena Acebal _h[electrónico] |
| 264 | 1 |
_aBarcelona, España : _bClie, _c[2018] |
|
| 264 | 4 | _c©2018 | |
| 300 |
_a221 páginas _c; |
||
| 336 |
_atexto _btxt _2rdacontent |
||
| 337 |
_2rdamedia _ainformático _bc |
||
| 338 |
_2rdacarrier _aremoto _bcr |
||
| 347 |
_2rda _afichero de texto _bPDF |
||
| 490 | _aMinisterios cristianos | ||
| 505 | _aEl oficio y ministerio de pastor. -- Necesidad del ministerio pastoral hoy. -- El pastorado, una tarea vocacional. -- Definiendo un perfil pastoral. -- Nuestro modelo: Jesús, el buen pastor. -- ¿Pastores y pastoras? -- El desafío ético: la ética cristiana. -- El desafío ético: los tiempos actuales. -- Compromiso político y social. Ecología. -- Predicador de la Palabra (lee, estudia, profundiza y vive). -- Visión, unción, promoción. -- Sabiduría y poder. -- El cuidado de uno mismo. -- Métodos y estrategias: misiones y misioneros. Relevancia social. -- Información y redes sociales. -- Empezar y terminar, tránsitos ministeriales. | ||
| 506 | _aSolicitar clave y usuario para acceder al libro electrónico. | ||
| 650 | 7 |
_aReligión _9385 |
|
| 650 | 7 |
_aTeología pastoral y unidad cristiana _2embne _97183 |
|
| 653 | _aMinisterio cristiano | ||
| 653 | _aPastoral cristiana | ||
| 653 | _aMinisterio pastoral | ||
| 653 | _aLiderazgo eclesiástico | ||
| 856 |
_b2155335 _uhttp://search.ebscohost.com/login.aspx?direct=true&scope=site&db=nlebk&db=nlabk&AN=2155335 _zAbrir Versión electrónica del libro Pastores del siglo XXI : un modelo pastoral para la iglesia actual |
||
| 942 | _cBK | ||
| 945 | _aJTF-925 | ||
| 999 |
_c71376 _d71376 |
||